Estadísticas para Países que tocan el Océano Ártico

Haz click aquí para intentar la prueba.

Estadísticas generales

  • Esta prueba ha sido intentada 4.070 veces
  • La puntuación promedio es 6 de 6

Estadísticas de respuestas

País% Correcto
Canadá
98%
Rusia
98%
Noruega
97%
Estados Unidos
94%
Islandia
94%
Groenlandia (Dinamarca)
92%

Distribución de puntuación

Porcentaje por número respondido

Porcentaje de gente con cada puntuación

Historial de tus puntuaciones

No has intentado esta prueba.